000 00579nam a2200229Ia 4500
003 OSt
005 20221005123621.0
006 a|||||r|||| 00| 0
007 ta
008 221004b |||||||| |||| 00| 0 tam d
024 _a52162
037 _cTextual
040 _aCRL
_cCRL
_btam
041 _2tam
_atam
082 _aV21:51wN06, 31J7
100 _aSwaminathan Au.
_9633911
245 0 _aMa pochi varalaru
260 _c1957
650 _aINDIA - HISTORY
942 _hV21:51wN06, 31J7
_cTEXL
_2cc
999 _c1047935
_d1047935